[Event "V Campeonato de España de Ajedrez por E"]
[Site "Gran Hotel Bali, Benidorm"]
[Date "2012.12.08"]
[Round "4"]
[White "Garcia Playa, David"]
[Black "Toribio Camunas, Silvia"]
[Result "1-0"]
[WhiteElo "1969"]
[BlackElo "1368"]
[PlyCount "55"]
[EventDate "2012.12.06"]
[EventType "team"]
[EventRounds "6"]
[EventCountry "ESP"]
[WhiteTeam "C. PENYA ESCACS CERDANYOLA"]
[BlackTeam "C. NUESTRO AJEDREZ EN EUROPA - VILLAFRAN"]

1. e4 e6 2. d4 d5 3. Nc3 Bb4 4. exd5 Bxc3+ 5. bxc3 exd5 6. Bd3 Nf6 7. Ba3 Be6
8. Ne2 Nbd7 9. O-O Rc8 10. Nf4 c5 11. dxc5 Nxc5 12. Bb5+ Ncd7 13. Qe2 Ne4 14.
Nxd5 Nxc3 15. Nxc3 Rxc3 16. Bb4 Rc7 17. Rad1 a6 18. Ba4 Qc8 19. f4 Kd8 20. Ba5
Re8 21. Qd3 f5 22. Bxd7 Bxd7 23. Rf2 Re7 24. Qd6 Rf7 25. Rfd2 Re7 26. Bb6 Rf7
27. Qe6 Re7 28. Qg8+ 1-0

[Event "V Campeonato de España de Ajedrez por E"]
[Site "Gran Hotel Bali, Benidorm"]
[Date "2012.12.08"]
[Round "4"]
[White "Martin Perez, Laura"]
[Black "Nieves Cabanes, Javier"]
[Result "1-0"]
[WhiteElo "2003"]
[BlackElo "2036"]
[PlyCount "111"]
[EventDate "2012.12.06"]
[EventType "team"]
[EventRounds "6"]
[EventCountry "ESP"]
[WhiteTeam "C.E. LLINARS"]
[BlackTeam "CLUB AJEDREZ EVA-MANISES"]

1. e4 c6 2. d4 d5 3. Nc3 dxe4 4. Nxe4 Bf5 5. Ng3 Bg6 6. h4 h6 7. Nf3 Nf6 8. Ne5
Bh7 9. Bc4 e6 10. Qe2 Nd5 11. Ne4 Nd7 12. Bd2 Qc7 13. f4 Nxe5 14. dxe5 Qb6 15.
O-O-O Be7 16. g3 O-O-O 17. Rhe1 Kb8 18. Bb3 Bc5 19. Nxc5 Qxc5 20. Be3 Nxe3 21.
Rxd8+ Rxd8 22. Qxe3 Qxe3+ 23. Rxe3 Bf5 24. c3 g5 25. fxg5 hxg5 26. g4 Bxg4 27.
Rg3 Bh5 28. Rxg5 Rh8 29. Rg7 Kc8 30. Kd2 Kd7 31. Bc2 Ke7 32. Ke3 Kf8 33. Rh7
Rxh7 34. Bxh7 Kg7 35. Be4 Kh6 36. Kf4 Bd1 37. b4 Kh5 38. Kg3 Be2 39. Bc2 Bc4
40. a4 Be2 41. Be4 Bd1 42. a5 Be2 43. Bc2 a6 44. Be4 Bd1 45. Bd3 Ba4 46. Be2+
Kh6 47. Kf4 Kg6 48. c4 Bc2 49. h5+ Kh6 50. Ke3 Kg5 51. Kd4 Kf4 52. b5 cxb5 53.
cxb5 axb5 54. Bxb5 Bd1 55. h6 Bc2 56. Bd3 1-0

[Event "V Campeonato de España de Ajedrez por E"]
[Site "Gran Hotel Bali, Benidorm"]
[Date "2012.12.08"]
[Round "4"]
[White "Nieves Cabanes, Jose Manuel"]
[Black "Arnijas Fabregas, Marc"]
[Result "1-0"]
[WhiteElo "1961"]
[BlackElo "1900"]
[PlyCount "81"]
[EventDate "2012.12.06"]
[EventType "team"]
[EventRounds "6"]
[EventCountry "ESP"]
[WhiteTeam "CLUB AJEDREZ EVA-MANISES"]
[BlackTeam "C.E. LLINARS"]

1. d4 Nf6 2. c4 c5 3. e3 cxd4 4. exd4 d5 5. Nc3 Nc6 6. Nf3 Bg4 7. Be3 e6 8. Qb3
Qd7 9. cxd5 Nxd5 10. Nxd5 exd5 11. Ne5 Bb4+ 12. Qxb4 Nxb4 13. Nxd7 Bxd7 14. Kd2
Rc8 15. a3 Nc6 16. b4 O-O 17. Bd3 f5 18. g3 Nd8 19. Rac1 Nf7 20. Rc5 b6 21.
Rxc8 Rxc8 22. Ba6 Rc6 23. Bb7 Nd6 24. Bxc6 Nc4+ 25. Kc3 Bxc6 26. Kb3 b5 27. Bf4
Kf7 28. Re1 h6 29. h4 Bd7 30. Re2 Kf6 31. Be5+ Nxe5 32. dxe5+ Ke6 33. Kc3 g5
34. hxg5 hxg5 35. f4 gxf4 36. gxf4 Bc6 37. Kd4 Be8 38. Rh2 Bf7 39. Kc5 Ke7 40.
Kxb5 d4 41. Rd2 1-0

[Event "V Campeonato de España de Ajedrez por E"]
[Site "Gran Hotel Bali, Benidorm"]
[Date "2012.12.08"]
[Round "4"]
[White "Gutierrez Sanchez, Daniel"]
[Black "Vera Juan, Andreu"]
[Result "1/2-1/2"]
[WhiteElo "1838"]
[BlackElo "1830"]
[PlyCount "114"]
[EventDate "2012.12.06"]
[EventType "team"]
[EventRounds "6"]
[EventCountry "ESP"]
[WhiteTeam "C.E. LLINARS"]
[BlackTeam "CLUB AJEDREZ EVA-MANISES"]

1. e4 c5 2. Nf3 d6 3. d4 cxd4 4. Nxd4 Nf6 5. Nc3 a6 6. Be3 e5 7. Nf3 Be7 8. Bc4
Qc7 9. Bb3 Be6 10. O-O O-O 11. h3 Rc8 12. Ng5 Bc4 13. Re1 b5 14. Nd5 Nxd5 15.
exd5 Nd7 16. Qh5 Bxg5 17. Bxg5 g6 18. Qf3 f5 19. h4 Nc5 20. h5 Kg7 21. Qe3 f4
22. Qh3 Rh8 23. Qh4 Raf8 24. h6+ Kf7 25. Bf6 Rhg8 26. Bxc4 bxc4 27. Bg7 Rxg7
28. hxg7 Kxg7 29. b4 Na4 30. Qh3 Qe7 31. Re4 Rf5 32. g4 fxg3 33. fxg3 Qa7+ 34.
Kh1 Qf2 35. Rg1 Qf3+ 36. Qg2 Rh5+ 37. Rh4 Qg4 38. Qf2 Rxh4+ 39. gxh4 Qh3+ 40.
Qh2 Qf3+ 41. Qg2 Qf4 42. Qg3 Qe4+ 43. Kh2 Qxc2+ 44. Rg2 Qe4 45. h5 c3 46. h6+
Kxh6 47. Qg5+ Kg7 48. Rf2 c2 49. Qf6+ Kh6 50. Qf8+ Kh5 51. Qf7 Qh4+ 52. Kg2
Qg4+ 53. Kh2 Qh4+ 54. Kg2 Qg4+ 55. Kh2 Qh4+ 56. Kg2 Qxf2+ 57. Qxf2 c1=Q 1/2-1/2

[Event "V Campeonato de España de Ajedrez por E"]
[Site "Gran Hotel Bali, Benidorm"]
[Date "2012.12.08"]
[Round "4"]
[White "Pino Fernandez, David"]
[Black "Lafuente Calvillo, Andrea"]
[Result "1-0"]
[WhiteElo "1804"]
[BlackElo "1758"]
[PlyCount "107"]
[EventDate "2012.12.06"]
[EventType "team"]
[EventRounds "6"]
[EventCountry "ESP"]
[WhiteTeam "CLUB AJEDREZ EVA-MANISES"]
[BlackTeam "C.E. LLINARS"]

1. d4 d5 2. c4 e6 3. Nc3 Be7 4. Bf4 Nf6 5. Nf3 O-O 6. e3 b6 7. Bd3 dxc4 8. Bxc4
Bb7 9. O-O Bd6 10. Bxd6 cxd6 11. d5 Ba6 12. Bxa6 Nxa6 13. a3 Nc5 14. Nd4 Qe7
15. Nc6 Qd7 16. b4 Nce4 17. Nxe4 Nxe4 18. Rc1 Rac8 19. b5 Nc5 20. Rc4 a6 21. a4
Rfe8 22. h3 exd5 23. Qxd5 axb5 24. axb5 Qe6 25. Rd1 Qxd5 26. Rxd5 Re6 27. Rxd6
Rxd6 28. Ne7+ Kf8 29. Nxc8 Rd1+ 30. Kh2 Nd7 31. Rc6 Rd2 32. Kg3 Nf6 33. Kf3 Nd7
34. Nxb6 Ne5+ 35. Ke4 Nxc6 36. bxc6 Rc2 37. Kd5 Ke7 38. e4 Kd8 39. Kd6 Rd2+ 40.
Nd5 f6 41. c7+ Kc8 42. f4 g6 43. e5 fxe5 44. fxe5 Kb7 45. e6 Rxd5+ 46. Kxd5
Kxc7 47. Ke5 Kd8 48. Kf6 Ke8 49. Kg7 Ke7 50. Kxh7 g5 51. Kg6 g4 52. hxg4 Kxe6
53. g5 Ke7 54. Kh7 1-0

[Event "V Campeonato de España de Ajedrez por E"]
[Site "Gran Hotel Bali, Benidorm"]
[Date "2012.12.08"]
[Round "5"]
[White "Bru Rullo, Llatzer"]
[Black "Suarez Gomez, Julio"]
[Result "0-1"]
[WhiteElo "2073"]
[BlackElo "2093"]
[PlyCount "64"]
[EventDate "2012.12.06"]
[EventType "team"]
[EventRounds "6"]
[EventCountry "ESP"]
[WhiteTeam "C. PENYA ESCACS CERDANYOLA"]
[BlackTeam "C.X.F. VIAJES INTERRIAS SANXENXO"]

1. e4 e6 2. d4 d5 3. Nd2 c5 4. exd5 Qxd5 5. Ngf3 cxd4 6. Bc4 Qd6 7. O-O Nf6 8.
Nb3 Nc6 9. Nbxd4 Nxd4 10. Nxd4 a6 11. Re1 Be7 12. c3 O-O 13. Qf3 Qc7 14. Bf1
Bd6 15. g3 e5 16. Nb3 Bg4 17. Qe3 h6 18. Bg2 Rfe8 19. f3 Be6 20. Qf2 Nd5 21.
Kh1 Rad8 22. Be3 Nxe3 23. Qxe3 a5 24. Nd2 f6 25. Qe2 Bc5 26. a3 Bb6 27. Rad1
Rd7 28. Nf1 Red8 29. Rxd7 Rxd7 30. Rd1 Qc5 31. Nd2 Qe3 32. Qb5 Rxd2 0-1

[Event "V Campeonato de España de Ajedrez por E"]
[Site "Gran Hotel Bali, Benidorm"]
[Date "2012.12.08"]
[Round "5"]
[White "Segura Santos, Luis"]
[Black "Pozanco Romasanta, Marc"]
[Result "0-1"]
[WhiteElo "1955"]
[BlackElo "2038"]
[PlyCount "76"]
[EventDate "2012.12.06"]
[EventType "team"]
[EventRounds "6"]
[EventCountry "ESP"]
[WhiteTeam "C.X.F. VIAJES INTERRIAS SANXENXO"]
[BlackTeam "C. PENYA ESCACS CERDANYOLA"]

1. e4 e6 2. d4 d5 3. Nd2 Nf6 4. e5 Nfd7 5. Bd3 c5 6. c3 b6 7. f4 Ba6 8. Ndf3
Bxd3 9. Qxd3 Qc8 10. f5 Qa6 11. Qxa6 Nxa6 12. fxe6 fxe6 13. a3 Nc7 14. Ne2 Be7
15. Bg5 Bxg5 16. Nxg5 O-O 17. Kd2 h6 18. Nf3 b5 19. Nc1 a5 20. Nd3 c4 21. Nde1
b4 22. axb4 axb4 23. Nc2 b3 24. Nb4 Rxa1 25. Rxa1 Ra8 26. Rf1 Nf8 27. h4 Ng6
28. h5 Ne7 29. Nh4 Rf8 30. Rf3 Rxf3 31. gxf3 Kf7 32. Ke3 g6 33. hxg6+ Nxg6 34.
Nxg6 Kxg6 35. Kf4 Nb5 36. Nc6 Nxc3 37. Nd8 Ne2+ 38. Ke3 c3 0-1

[Event "V Campeonato de España de Ajedrez por E"]
[Site "Gran Hotel Bali, Benidorm"]
[Date "2012.12.08"]
[Round "5"]
[White "Garcia Acosta, Roger"]
[Black "Abal Cores, Lucas"]
[Result "1-0"]
[WhiteElo "1982"]
[BlackElo "1965"]
[PlyCount "115"]
[EventDate "2012.12.06"]
[EventType "team"]
[EventRounds "6"]
[EventCountry "ESP"]
[WhiteTeam "C. PENYA ESCACS CERDANYOLA"]
[BlackTeam "C.X.F. VIAJES INTERRIAS SANXENXO"]

1. e4 c5 2. Nf3 Nc6 3. d4 cxd4 4. Nxd4 e5 5. Nb5 d6 6. c4 Be7 7. Be2 Nf6 8.
N1c3 a6 9. Na3 O-O 10. Nc2 Be6 11. O-O Rc8 12. b3 Nd7 13. Ne3 Nd4 14. Bg4 Nc5
15. Ned5 f5 16. exf5 Bxf5 17. Bxf5 Rxf5 18. Be3 Nce6 19. Ne2 Nc6 20. Qd3 Rf7
21. Rad1 Bf8 22. f4 Qe8 23. f5 Nc5 24. Bxc5 dxc5 25. Ng3 Nd4 26. Ne4 Qd7 27. f6
g6 28. Nb6 Qc6 29. Nxc8 Qxc8 30. Ng5 Qc6 31. Nxf7 Kxf7 32. Qh3 h6 33. Rde1 Qe6
34. Qxe6+ Kxe6 35. g4 b5 36. h4 Nc2 37. Re2 Nd4 38. Re4 b4 39. g5 h5 40. Kf2 a5
41. Ke3 Nf5+ 42. Kf3 Nd4+ 43. Rxd4 exd4 44. Ke4 Kf7 45. Kd5 Kg8 46. Ke6 Kh7 47.
Re1 Kg8 48. Re5 Kh7 49. Rd5 Kg8 50. Rd8 d3 51. Rxd3 a4 52. bxa4 b3 53. axb3 Kh8
54. a5 Kg8 55. a6 Kh8 56. a7 Kg8 57. a8=Q Kh7 58. Rd7+ 1-0

[Event "V Campeonato de España de Ajedrez por E"]
[Site "Gran Hotel Bali, Benidorm"]
[Date "2012.12.08"]
[Round "5"]
[White "Bayon Rolo, Juan Andres"]
[Black "Garcia Playa, David"]
[Result "0-1"]
[WhiteElo "1637"]
[BlackElo "1969"]
[PlyCount "78"]
[EventDate "2012.12.06"]
[EventType "team"]
[EventRounds "6"]
[EventCountry "ESP"]
[WhiteTeam "C.X.F. VIAJES INTERRIAS SANXENXO"]
[BlackTeam "C. PENYA ESCACS CERDANYOLA"]

1. e4 c6 2. d4 d5 3. exd5 cxd5 4. Bd3 Nc6 5. c3 Nf6 6. Ne2 Bg4 7. f3 Bh5 8. Bf4
e6 9. O-O Bg6 10. Re1 Be7 11. Qc2 O-O 12. Bxg6 hxg6 13. Nd2 b5 14. b4 Nd7 15.
Nc1 a5 16. bxa5 Nxa5 17. Nd3 Qb6 18. Reb1 Ba3 19. Kh1 Rfc8 20. Nb4 Nc6 21. Qd3
Bxb4 22. cxb4 Qxd4 23. Qxd4 Nxd4 24. Rb2 e5 25. Bg3 f6 26. Nf1 Rc2 27. Rbb1
Raxa2 28. Rxa2 Rxa2 29. Ne3 Nb6 30. f4 e4 31. Be1 Nc2 32. Nxc2 Rxc2 33. Kg1 Nc4
34. Rb3 d4 35. g4 Kf7 36. f5 gxf5 37. gxf5 Rc1 38. Kf2 d3 39. Rc3 e3+ 0-1

[Event "V Campeonato de España de Ajedrez por E"]
[Site "Gran Hotel Bali, Benidorm"]
[Date "2012.12.08"]
[Round "5"]
[White "Nieves Cabanes, Javier"]
[Black "Doulatram Gangaram, Rahul"]
[Result "1-0"]
[WhiteElo "2036"]
[BlackElo "1610"]
[PlyCount "48"]
[EventDate "2012.12.06"]
[EventType "team"]
[EventRounds "6"]
[EventCountry "ESP"]
[WhiteTeam "CLUB AJEDREZ EVA-MANISES"]
[BlackTeam "PEÑA BARCELONISTA DE MELILLA"]

1. d4 Nf6 2. c4 e6 3. Nc3 Bb4 4. e3 b6 5. Nge2 Bxc3+ 6. Nxc3 Ba6 7. e4 d6 8.
Qf3 Nbd7 9. Qg3 Kf8 10. Be2 e5 11. dxe5 dxe5 12. O-O Qe7 13. Bg5 c6 14. Rad1 h6
15. Bc1 g5 16. h4 Nh7 17. Qh3 Rd8 18. hxg5 hxg5 19. Qh6+ Kg8 20. Qd6 Qxd6 21.
Rxd6 f6 22. Rfd1 Bc8 23. Rxc6 Nhf8 24. Rxf6 Nh7 1-0

[Event "V Campeonato de España de Ajedrez por E"]
[Site "Gran Hotel Bali, Benidorm"]
[Date "2012.12.08"]
[Round "5"]
[White "Garcia Valle, Andres"]
[Black "Nieves Cabanes, Jose Manuel"]
[Result "0-1"]
[WhiteElo "1487"]
[BlackElo "1961"]
[PlyCount "72"]
[EventDate "2012.12.06"]
[EventType "team"]
[EventRounds "6"]
[EventCountry "ESP"]
[WhiteTeam "PEÑA BARCELONISTA DE MELILLA"]
[BlackTeam "CLUB AJEDREZ EVA-MANISES"]

1. d4 Nf6 2. c4 e6 3. Nc3 Bb4 4. Qc2 O-O 5. a3 Be7 6. e4 d6 7. Bd3 e5 8. Nge2
exd4 9. Nxd4 Nbd7 10. Nf5 Ne5 11. Nxe7+ Qxe7 12. Bg5 Be6 13. b3 h6 14. Bh4 Ng6
15. Bxf6 Qxf6 16. O-O Qg5 17. Nd5 Bxd5 18. exd5 Nf4 19. Be4 f5 20. Bf3 Ng6 21.
Rae1 Nh4 22. Qc3 f4 23. Re6 Rae8 24. Rfe1 Rxe6 25. dxe6 Nxg2 26. Bxg2 f3 27.
Qxf3 Rxf3 28. e7 Rf8 29. exf8=Q+ Kxf8 30. Re3 c6 31. f4 Qc5 32. Kf2 Qxa3 33.
Be4 Qb2+ 34. Kg3 Qd4 35. Kf3 Qd1+ 36. Kg3 Qg1+ 0-1

[Event "V Campeonato de España de Ajedrez por E"]
[Site "Gran Hotel Bali, Benidorm"]
[Date "2012.12.08"]
[Round "5"]
[White "Vera Juan, Andreu"]
[Black "Garcia Calderon, Pablo"]
[Result "1-0"]
[WhiteElo "1830"]
[BlackElo "1486"]
[PlyCount "99"]
[EventDate "2012.12.06"]
[EventType "team"]
[EventRounds "6"]
[EventCountry "ESP"]
[WhiteTeam "CLUB AJEDREZ EVA-MANISES"]
[BlackTeam "PEÑA BARCELONISTA DE MELILLA"]

1. e4 e5 2. Nf3 Nc6 3. Nc3 Nf6 4. d4 exd4 5. Nxd4 Bc5 6. Be3 Bb6 7. Nxc6 dxc6
8. Qxd8+ Kxd8 9. Bg5 h6 10. Bxf6+ gxf6 11. O-O-O+ Ke7 12. f3 Rg8 13. g3 Be6 14.
Bd3 Bh3 15. Bf1 Be6 16. Bg2 h5 17. a3 Bc4 18. b3 Ba6 19. Bf1 Bxf1 20. Rhxf1
Rad8 21. Rde1 Rd6 22. e5 Re6 23. exf6+ Kxf6 24. Rxe6+ Kxe6 25. Re1+ Kf6 26.
Ne4+ Kg6 27. c4 Re8 28. Kd1 Bd4 29. Nd2 Rxe1+ 30. Kxe1 f5 31. Ke2 Kf6 32. f4 b5
33. Kf3 a5 34. a4 bxa4 35. bxa4 Bc3 36. Nb3 Ke6 37. Kg2 Bb4 38. Kf3 Kd6 39. h3
Ke6 40. g4 hxg4+ 41. hxg4 fxg4+ 42. Kxg4 Kf6 43. Kf3 Bd6 44. c5 Be7 45. Ke4 Ke6
46. f5+ Kf6 47. Nxa5 Bxc5 48. Nxc6 Kf7 49. a5 Ke8 50. a6 1-0

[Event "V Campeonato de España de Ajedrez por E"]
[Site "Gran Hotel Bali, Benidorm"]
[Date "2012.12.08"]
[Round "5"]
[White "Diaz Gonzalez, Kevin"]
[Black "Pino Fernandez, David"]
[Result "0-1"]
[WhiteElo "1400"]
[BlackElo "1804"]
[PlyCount "52"]
[EventDate "2012.12.06"]
[EventType "team"]
[EventRounds "6"]
[EventCountry "ESP"]
[WhiteTeam "PEÑA BARCELONISTA DE MELILLA"]
[BlackTeam "CLUB AJEDREZ EVA-MANISES"]

1. Nf3 c5 2. g3 Nc6 3. Bg2 g6 4. O-O Bg7 5. e4 Nf6 6. d3 O-O 7. Nc3 d6 8. Re1
Bg4 9. Bd2 Nd4 10. h3 Nxf3+ 11. Bxf3 Bxh3 12. Kh2 Qd7 13. Rh1 Bg4 14. Bxg4
Nxg4+ 15. Kg2 Bd4 16. Qf3 f5 17. exf5 Rxf5 18. Bf4 h5 19. Ne4 e5 20. Ng5 exf4
21. gxf4 Raf8 22. Qe4 Rxf4 23. Qxg6+ Qg7 24. Qe6+ R8f7 25. Nxf7 Ne3+ 26. Kh3
Qg2# 0-1

[Event "V Campeonato de España de Ajedrez por E"]
[Site "Gran Hotel Bali, Benidorm"]
[Date "2012.12.08"]
[Round "5"]
[White "Lopez Martin, Jaime"]
[Black "Moreno Valero, Ivan"]
[Result "0-1"]
[WhiteElo "1816"]
[BlackElo "1840"]
[PlyCount "110"]
[EventDate "2012.12.06"]
[EventType "team"]
[EventRounds "6"]
[EventCountry "ESP"]
[WhiteTeam "CLUB DE AJEDREZ DE BARGAS"]
[BlackTeam "CDE AJEDREZ TOMELLOSO"]

1. g3 d5 2. Bg2 Nf6 3. Nf3 e6 4. d4 Bd6 5. O-O O-O 6. Nbd2 Nbd7 7. c4 c6 8. Qc2
Re8 9. e4 dxe4 10. Ng5 e5 11. Ndxe4 Nxe4 12. Nxe4 Qc7 13. Nxd6 Qxd6 14. dxe5
Nxe5 15. Bf4 Qd3 16. Rac1 Qxc2 17. Rxc2 Bf5 18. Rc3 Nd3 19. Rb3 Nxf4 20. gxf4
Rab8 21. Bf3 g6 22. Kg2 Be4 23. Re3 Bxf3+ 24. Kxf3 Rxe3+ 25. fxe3 Rd8 26. Ke2
f6 27. Rd1 Rxd1 28. Kxd1 g5 29. Ke2 h5 30. fxg5 fxg5 31. Kf3 Kf7 32. Ke4 Ke6
33. b4 Kf6 34. a4 a6 35. b5 Ke6 36. Kd4 cxb5 37. cxb5 axb5 38. axb5 b6 39. Ke4
Kf6 40. Kd5 g4 41. e4 h4 42. e5+ Ke7 43. Ke4 Ke6 44. Kf4 g3 45. hxg3 hxg3 46.
Kxg3 Kxe5 47. Kf3 Kd5 48. Ke3 Kc5 49. Kd3 Kxb5 50. Kc3 Ka4 51. Kb2 Kb4 52. Kb1
Kb3 53. Ka1 b5 54. Kb1 b4 55. Ka1 Kc2 0-1

[Event "V Campeonato de España de Ajedrez por E"]
[Site "Gran Hotel Bali, Benidorm"]
[Date "2012.12.08"]
[Round "5"]
[White "Lopez Temprano, Clara"]
[Black "Alonso Vara, Maria"]
[Result "1/2-1/2"]
[WhiteElo "1652"]
[BlackElo "1836"]
[PlyCount "55"]
[EventDate "2012.12.06"]
[EventType "team"]
[EventRounds "6"]
[EventCountry "ESP"]
[WhiteTeam "CDE AJEDREZ TOMELLOSO"]
[BlackTeam "CLUB DE AJEDREZ DE BARGAS"]

1. e4 c5 2. Nc3 a6 3. Nf3 d6 4. d4 cxd4 5. Nxd4 Nf6 6. h3 e6 7. g4 d5 8. exd5
Nxd5 9. Nde2 Bb4 10. Bd2 Nxc3 11. Bxc3 Bxc3+ 12. Nxc3 Qb6 13. Qd2 Qxb2 14. Rb1
Qa3 15. Bg2 Qe7 16. Na4 O-O 17. Nb6 Ra7 18. Qe3 Nc6 19. O-O f5 20. gxf5 exf5
21. Bxc6 Qxe3 22. fxe3 bxc6 23. Nxc8 Rxc8 24. Rxf5 c5 25. c4 h6 26. Re5 Rc6 27.
Rb2 Rd7 28. Kh2 1/2-1/2

[Event "V Campeonato de España de Ajedrez por E"]
[Site "Gran Hotel Bali, Benidorm"]
[Date "2012.12.08"]
[Round "5"]
[White "Hernandez Mateo, Borja"]
[Black "Losa Ordonez, Juan Jose"]
[Result "1-0"]
[WhiteElo "1783"]
[BlackElo "1518"]
[PlyCount "130"]
[EventDate "2012.12.06"]
[EventType "team"]
[EventRounds "6"]
[EventCountry "ESP"]
[WhiteTeam "CLUB DE AJEDREZ DE BARGAS"]
[BlackTeam "CDE AJEDREZ TOMELLOSO"]

1. e4 d5 2. exd5 Nf6 3. Nc3 Nxd5 4. Bc4 c6 5. d4 g6 6. Nxd5 cxd5 7. Bd3 Bg7 8.
c3 O-O 9. Nf3 Nc6 10. O-O Bg4 11. h3 Bxf3 12. Qxf3 e5 13. dxe5 Nxe5 14. Qd1 Re8
15. Be3 Nc4 16. Bxc4 dxc4 17. Qa4 Qc7 18. Rad1 Re7 19. Rd2 a6 20. Rfd1 b5 21.
Qa3 Bf8 22. Bc5 Re1+ 23. Rxe1 Bxc5 24. b4 Bb6 25. Rde2 Qf4 26. Qb2 Bc7 27. g3
Qf6 28. Qd2 Qc6 29. Re4 Bb6 30. Qe2 Kf8 31. Re7 Bc7 32. Qe4 Qxe4 33. R1xe4 Rc8
34. Rd7 Bd8 35. Rf4 f5 36. Rxh7 Bf6 37. Rf3 Rd8 38. Ra7 Rd6 39. Kf1 Ke8 40.
Re3+ Kf8 41. Ke2 Bg5 42. f4 Bf6 43. g4 Bg7 44. g5 Rc6 45. Rae7 Rc8 46. R7e6 Kf7
47. Rxa6 Rc7 48. h4 Rd7 49. h5 gxh5 50. g6+ Kg8 51. Re8+ Bf8 52. Raa8 Kg7 53.
Rxf8 Kxg6 54. Ra6+ Kg7 55. Rxf5 Rd3 56. Rxb5 Rd7 57. Rab6 Rd3 58. Rc5 Rd7 59.
f5 h4 60. Rg6+ Kf7 61. Rxc4 h3 62. Rh4 Rd5 63. Rxh3 Kf8 64. c4 Re5+ 65. Re3 Re7
1-0

[Event "V Campeonato de España de Ajedrez por E"]
[Site "Gran Hotel Bali, Benidorm"]
[Date "2012.12.08"]
[Round "5"]
[White "Quiralte Lara, Jose Maria"]
[Black "Bustos Bernardo, Samuel"]
[Result "0-1"]
[WhiteElo "1267"]
[BlackElo "1617"]
[PlyCount "83"]
[EventDate "2012.12.06"]
[EventType "team"]
[EventRounds "6"]
[EventCountry "ESP"]
[WhiteTeam "CDE AJEDREZ TOMELLOSO"]
[BlackTeam "CLUB DE AJEDREZ DE BARGAS"]

1. e4 c6 2. Nc3 d5 3. Qf3 dxe4 4. Nxe4 Nd7 5. c3 Ngf6 6. d4 Nxe4 7. Qxe4 Nf6 8.
Qc2 Bg4 9. f3 Bh5 10. Bd3 e6 11. Bf4 Bd6 12. Ne2 Nd5 13. Qd2 Nxf4 14. Nxf4 Bxf3
15. Nxe6 Qh4+ 16. Qf2 Qxf2+ 17. Kxf2 fxe6 18. gxf3 O-O 19. Rae1 Rf6 20. h4 Raf8
21. Be4 e5 22. d5 c5 23. c4 Rf4 24. Ke3 R8f6 25. Reg1 Be7 26. Rg5 Bd6 27. Rhg1
Rf7 28. R1g4 R4f6 29. Rg1 a6 30. b3 Rh6 31. Bf5 Kf8 32. Be6 Re7 33. Rf5+ Ke8
34. h5 b6 35. Rfg5 Kd8 36. Rxg7 Rxh5 37. Rxe7 Bxe7 38. Rg8+ Kc7 39. Rc8+ Kb7
40. Rc6 Rh4 41. Bg4 h5 42. Bc8+ 0-1

[Event "V Campeonato de España de Ajedrez por E"]
[Site "Gran Hotel Bali, Benidorm"]
[Date "2012.12.09"]
[Round "6"]
[White "Nieves Cabanes, Javier"]
[Black "Bru Rullo, Llatzer"]
[Result "0-1"]
[WhiteElo "2036"]
[BlackElo "2073"]
[PlyCount "84"]
[EventDate "2012.12.06"]
[EventType "team"]
[EventRounds "6"]
[EventCountry "ESP"]
[WhiteTeam "CLUB AJEDREZ EVA-MANISES"]
[BlackTeam "C. PENYA ESCACS CERDANYOLA"]

1. d4 d5 2. c4 e6 3. Nc3 c6 4. Nf3 dxc4 5. a4 Bb4 6. g3 Nf6 7. Bg2 Nbd7 8. O-O
O-O 9. Qc2 c5 10. Na2 Nb6 11. Nxb4 cxb4 12. e4 a5 13. Bg5 h6 14. Bxf6 Qxf6 15.
Ne5 Qd8 16. Rfd1 Qc7 17. Bf1 Bd7 18. Nxd7 Qxd7 19. Bxc4 Rac8 20. b3 Nxc4 21.
bxc4 e5 22. dxe5 Qc7 23. Rd5 b6 24. Rc1 Rfd8 25. f4 Kf8 26. Qd3 Ke7 27. Kf2 Qc6
28. Rd1 Qc5+ 29. Kf3 Rxd5 30. exd5 Qxc4 31. d6+ Kd8 32. Qh7 Qb3+ 33. Rd3 Rc3
34. Rxc3 bxc3 35. Qxg7 c2+ 36. Ke4 Qc4+ 37. Kf3 Qe6 38. f5 Qxf5+ 39. Ke2 c1=Q
40. Qf8+ Kd7 41. Qe7+ Kc8 42. Qe8+ Kb7 0-1

[Event "V Campeonato de España de Ajedrez por E"]
[Site "Gran Hotel Bali, Benidorm"]
[Date "2012.12.09"]
[Round "6"]
[White "Pozanco Romasanta, Marc"]
[Black "Nieves Cabanes, Jose Manuel"]
[Result "1/2-1/2"]
[WhiteElo "2038"]
[BlackElo "1961"]
[PlyCount "59"]
[EventDate "2012.12.06"]
[EventType "team"]
[EventRounds "6"]
[EventCountry "ESP"]
[WhiteTeam "C. PENYA ESCACS CERDANYOLA"]
[BlackTeam "CLUB AJEDREZ EVA-MANISES"]

1. d4 Nf6 2. c4 e6 3. Nc3 Bb4 4. e3 O-O 5. Bd3 d5 6. Nge2 b6 7. O-O Bb7 8. a3
Bd6 9. Ng3 Nbd7 10. cxd5 Nxd5 11. e4 Nf4 12. e5 Nxd3 13. Qxd3 Be7 14. Rd1 c5
15. Nh5 Kh8 16. dxc5 Bc6 17. cxb6 Qxb6 18. Be3 Qb7 19. Bd4 g6 20. Nf4 Nc5 21.
Bxc5 Bxc5 22. b4 Be7 23. b5 Be8 24. a4 a6 25. Rab1 axb5 26. axb5 Rd8 27. Qf3
Qxf3 28. gxf3 Bd7 29. Ne4 Bc8 30. Nd6 1/2-1/2

[Event "V Campeonato de España de Ajedrez por E"]
[Site "Gran Hotel Bali, Benidorm"]
[Date "2012.12.09"]
[Round "6"]
[White "Vera Juan, Andreu"]
[Black "Garcia Acosta, Roger"]
[Result "1/2-1/2"]
[WhiteElo "1830"]
[BlackElo "1982"]
[PlyCount "64"]
[EventDate "2012.12.06"]
[EventType "team"]
[EventRounds "6"]
[EventCountry "ESP"]
[WhiteTeam "CLUB AJEDREZ EVA-MANISES"]
[BlackTeam "C. PENYA ESCACS CERDANYOLA"]

1. e4 e6 2. d4 d5 3. Nc3 Bb4 4. exd5 exd5 5. a3 Bxc3+ 6. bxc3 Nc6 7. Bd3 Nge7
8. Qh5 Ng6 9. Ne2 Be6 10. O-O Qd7 11. Nf4 Nxf4 12. Bxf4 O-O-O 13. Qe2 Rde8 14.
Qd2 f6 15. Bb5 g5 16. Bxc6 Qxc6 17. Bg3 h5 18. f3 h4 19. Be1 Bf5 20. Qd1 Re7
21. Bd2 Rhe8 22. Re1 Rxe1+ 23. Bxe1 Qc4 24. Kf2 h3 25. g4 Bd7 26. Qd3 Qa4 27.
Bd2 f5 28. Re1 Rf8 29. Kg1 fxg4 30. fxg4 Bxg4 31. Qg6 Qc6 32. Qxc6 bxc6 1/2-1/2

[Event "V Campeonato de España de Ajedrez por E"]
[Site "Gran Hotel Bali, Benidorm"]
[Date "2012.12.09"]
[Round "6"]
[White "Garcia Playa, David"]
[Black "Pino Fernandez, David"]
[Result "1/2-1/2"]
[WhiteElo "1969"]
[BlackElo "1804"]
[PlyCount "67"]
[EventDate "2012.12.06"]
[EventType "team"]
[EventRounds "6"]
[EventCountry "ESP"]
[WhiteTeam "C. PENYA ESCACS CERDANYOLA"]
[BlackTeam "CLUB AJEDREZ EVA-MANISES"]

1. e4 e5 2. Nf3 Nc6 3. Bc4 Nf6 4. d3 Bc5 5. O-O O-O 6. c3 d5 7. exd5 Nxd5 8.
Re1 Bg4 9. h3 Bxf3 10. Qxf3 Nde7 11. b4 Nxb4 12. Ba3 Nc2 13. Bxc5 Nxe1 14. Qe2
Nxd3 15. Qxd3 Qxd3 16. Bxd3 Rfd8 17. Bc2 Nd5 18. Kf1 b6 19. Be3 Nxe3+ 20. fxe3
Rd6 21. Ke2 Rad8 22. a4 a5 23. Ra2 Kf8 24. Bb3 Rg6 25. Kf1 Rgd6 26. Ke1 Rg6 27.
Re2 Ke7 28. Bc2 Rc6 29. Rd2 Rxd2 30. Kxd2 g6 31. Na3 f5 32. Nb5 Kf6 33. Bb3 Rc5
34. Kd3 1/2-1/2